[Event "Politiken Cup 34th"]
[Site "Helsingor"]
[Date "2012.07.28"]
[Round "1"]
[White "Bach, Matthias"]
[Black "Nassetti, Francesco"]
[Result "1-0"]
[WhiteElo "2274"]
[BlackElo "1843"]
[PlyCount "41"]
[EventDate "2012.07.28"]
[EventType "swiss"]
[EventRounds "10"]
[EventCountry "DEN"]
[SourceTitle "CBM 149 Extra"]
[Source "ChessBase"]
[SourceDate "2012.08.24"]
[SourceVersion "1"]
[SourceVersionDate "2012.08.24"]
[SourceQuality "1"]

1. f4 d5 2. b3 c5 3. Bb2 Nc6 4. e3 e6 5. Nf3 a6 6. Be2 Nf6 7. 0-0 d4 8. Ne5 g6 9. Nxc6 bxc6 10. Bf3 Qb6 11. Na3 Bd7 12. Nc4 Qa7 13. Qe1 Bg7 14. exd4 Nd5 15. f5 Qc7 16. dxc5 Bxb2 17. Nxb2 gxf5 18. Nc4 Qf4 19. c3 Qg5 20. Bxd5 cxd5 21. Rxf5 1-0